Справочные материалы по гидрохимии (Запись № 434560)
[ простой вид ]
| 000 -МАРКЕР | |
|---|---|
| контрольное поле | 02109nam1a2200349 i 4500 |
| 001 - ИДЕНТИФИКАТОР ЗАПИСИ | |
| контрольное поле | RU\NLR\bibl\80142 |
| 005 - ИДЕНТИФИКАТОР ВЕРСИИ | |
| контрольное поле | 20260407074143.0 |
| 035 ## - ДРУГИЕ СИСТЕМНЫЕ НОМЕРА | |
| Идентификатор записи | (NLR Aleph) 000078241 |
| 100 ## - ДАННЫЕ ОБЩЕЙ ОБРАБОТКИ | |
| Данные общей обработки | 20000412g19999999u y0rusy50 ca |
| 101 0# - ЯЗЫК РЕСУРСА | |
| Язык текста, звукозаписи и т.д. | русский |
| 102 ## - СТРАНА ПУБЛИКАЦИИ ИЛИ ПРОИЗВОДСТВА | |
| Страна публикации | Российская Федерация |
| 105 ## - ПОЛЕ КОДИРОВАННЫХ ДАННЫХ: ТЕКСТОВЫЕ МАТЕРИАЛЫ, МОНОГРАФИЧЕСКИЕ | |
| Кодированные данные о монографическом текстовом документе | y ||||||||| |
| 200 1# - ЗАГЛАВИЕ И СВЕДЕНИЯ ОБ ОТВЕТСТВЕННОСТИ | |
| Основное заглавие | Справочные материалы по гидрохимии |
| Сведения, относящиеся к заглавию | Учеб. пособие |
| -- | [Для студентов спец. "Охрана окружающей среды и рацион. использ. природ. ресурсов", студентов хим.-пед. отд-ния при общетехн. фак.] |
| Первые сведения об ответственности | Гусева Татьяна Валериановна, Молчанова Яна Павловна, Заика Елена Алексеевна, Виниченко Вадим Николаевич] |
| Последующие сведения об ответственности | М-во образования Рос. Федерации, Рос. хим.-технол. ун-т им. Д.И. Менделеева, Эколайн |
| 210 ## - ПУБЛИКАЦИЯ, РАСПРОСТРАНЕНИЕ И ДР. | |
| Место издания, распространения и т.д. | М. |
| Имя издателя, распространителя и т. д. | РХТУ |
| Дата издания, распространения и т.д. | 1999 |
| 215 ## - ФИЗИЧЕСКАЯ ХАРАКТЕРИСТИКА | |
| Размеры | 21 |
| 463 #0 - УРОВЕНЬ ФИЗИЧЕСКОЙ ЕДИНИЦЫ | |
| Встроенное поле | 00175123 |
| 463 #0 - УРОВЕНЬ ФИЗИЧЕСКОЙ ЕДИНИЦЫ | |
| Встроенное поле | 00175120 |
| 463 #0 - УРОВЕНЬ ФИЗИЧЕСКОЙ ЕДИНИЦЫ | |
| Встроенное поле | 00175125 |
| 606 ## - НАИМЕНОВАНИЕ ТЕМЫ КАК ПРЕДМЕТ | |
| Наименование темы | Гидрохимия |
| Формальный подзаголовок | Руководства, пособия и т.п. |
| Системный номер авторитетной/нормативной записи | 957598 |
| Идентификатор авторитетной/нормативной записи | RU\NLR\auth\6638179 |
| 606 ## - НАИМЕНОВАНИЕ ТЕМЫ КАК ПРЕДМЕТ | |
| Наименование темы | Гидрохимия |
| Формальный подзаголовок | Учебные издания для высшей школы |
| Системный номер авторитетной/нормативной записи | 957598 |
| Идентификатор авторитетной/нормативной записи | RU\NLR\auth\6638179 |
| 686 ## - ИНДЕКСЫ ДРУГИХ КЛАССИФИКАЦИЙ | |
| Индекс | Д220.12я73 |
| 701 #1 - ИМЯ ЛИЦА - АЛЬТЕРНАТИВНАЯ ОТВЕТСТВЕННОСТЬ | |
| Код отношения | Автор |
| Материалы, к которым относится поле | rus |
| Графика поля | Кириллица |
| Начальный элемент ввода | Гусева |
| Часть имени, кроме начального элемента ввода | Т. В. |
| Дополнения к именам, кроме дат | д-р техн. наук, канд. хим. наук |
| Расширение инициалов личного имени | Татьяна Валериановна |
| Идентификатор авторитетной/нормативной записи | RU\NLR\AUTH\7736588 |
| Системный номер авторитетной/нормативной записи | 19578 |
| 701 #1 - ИМЯ ЛИЦА - АЛЬТЕРНАТИВНАЯ ОТВЕТСТВЕННОСТЬ | |
| Начальный элемент ввода | Молчанова |
| Часть имени, кроме начального элемента ввода | Я. П. |
| Расширение инициалов личного имени | Яна Павловна |
| Код отношения | Автор |
| 701 #1 - ИМЯ ЛИЦА - АЛЬТЕРНАТИВНАЯ ОТВЕТСТВЕННОСТЬ | |
| Начальный элемент ввода | Заика |
| Часть имени, кроме начального элемента ввода | Е. А. |
| Расширение инициалов личного имени | Елена Алексеевна |
| Код отношения | Автор |
| 701 #1 - ИМЯ ЛИЦА - АЛЬТЕРНАТИВНАЯ ОТВЕТСТВЕННОСТЬ | |
| Начальный элемент ввода | Виниченко |
| Часть имени, кроме начального элемента ввода | В. Н. |
| Расширение инициалов личного имени | Вадим Николаевич |
| Код отношения | Автор |
| 712 02 - НАИМЕНОВАНИЕ ОРГАНИЗАЦИИ - ВТОРИЧНАЯ ОТВЕТСТВЕННОСТЬ | |
| Код отношения | Прочие |
| Начальный элемент ввода | Российский химико-технологический университет им. Д. И. Менделеева |
| Идентификатор авторитетной/нормативной записи | RU\NLR\AUTH\883338 |
| Системный номер авторитетной/нормативной записи | 277911 |
| 801 #0 - ИСТОЧНИК ЗАПИСИ | |
| Страна | Российская Федерация |
| Организация | NLR |
| Дата составления | 20000412 |
| Правила каталогизации | PSBO |
| 801 #1 - ИСТОЧНИК ЗАПИСИ | |
| Страна | Российская Федерация |
| Организация | NLR |
| Дата составления | 20000412 |
| 852 ## - МЕСТОНАХОЖДЕНИЕ И ШИФР ХРАНЕНИЯ | |
| Идентификатор организации | NLR |
| Шифр хранения (Call Number) | 2000-4/438 |
| 942 ## - ДОПОЛНИТЕЛЬНЫЕ ЭЛЕМЕНТЫ ЗАПИСИ (АБИС) | |
| Тип экземпляра АБИС | Книга |
Нет доступных экземпляров.